000 00604nam a2200229Ia 4500
003 OSt
005 20221006164816.0
006 a|||||r|||| 00| 0
007 ta
008 221006b |||||||| |||| 00| 0 eng d
024 _a1,796
037 _cAnnuals, Advances
040 _aFML
_cFML
_beng
041 _2eng
_aeng
082 _aY:1.4, H1
100 _aNag Kalidas Au.
_9678372
245 0 _aIndia and the Pecific World
260 _aKolkata
_bBook Co. Ltd.
_c1941
300 _a296
_ccm.
942 _hY:1.4, H1
_cREF
_2CC
999 _c1118545
_d1118545